=LDR 00000nam 2200000 4500 =001 INLIS000000000029686 =005 20240430013651 =035 ##$$a 0010-061300000029686 =008 240430################g##########0#ind## =041 ##$$a Ind =082 ##$$a 693.8 =090 ##$$a 625.7, Hak r =100 ##$$a Hakim, Rustam =245 1#$$a Rancangan visual lansekap jalan, : $b panduan estetika dinding penghalang kebisingan, /$c Rustam Hakim =260 ##$$a Jakarta :$b Bumi Aksara,$c 2006 =300 ##$$a viii, 162 hlm, : $b ilus, ; $c 25 cm =650 #4$$a Teknik Jalan Raya =850 ##$$a NBPNMAT =020 ##$$a 979-526-113-4 =084 ##$$a 693.8 HAK r =990 ##$$a 21601586/BPAP-NTB/2017 =990 ##$$a 21601589/BPAP-NTB/2017 =990 ##$$a 21601608/BPAP-NTB/2017 =990 ##$$a 20800984 =990 ##$$a 21601586/BPAP-NTB/2017